000 00377cam a2200145ua 4500
041 _amal
_h
082 _a894.812308
_bMAD/KA
100 _aMadhavan Nair, C.K .
245 _aKardakanmar /
_cC.K Madhavan Nair.
_hTextual Documents
260 _aKollam :
_bSri Ramavilasam Press & Book Depot ,
_c1960.
300 _a332 ; .
504 _a
942 _cBK
999 _c4304
_d4304